000 00838nmm a2200253 a 4500
001 ocm000668115
003 TR-IsHL
005 20201028133821.0
008 131121s1994 tu tur
007 cr cn
035 _a668115
_b(N$T)
050 0 4 _aPT107
_b.O99 1994
090 0 4 _aPT107
_b.O99 1994
100 1 _aÖzyer, Nuran
245 1 0 _aEdebiyat üzerine
_h[electronic resource] /
_cNuran Özyer
260 _aAnkara :
_bGündogan Yayınları,
_c1994
300 _a160 p.
650 4 _aDil ve Edebiyat
650 4 _aLanguage and Literature
650 0 _aAlman Edebiyatı
_x Tarih ve eleştiri
650 0 _aGerman Literature
_x History and criticism
650 7 _aLITERARY COLLECTIONS / European / German
_2bisacsh
856 4 0 _uhttp://search.ebscohost.com/login.aspx?direct=true&scope=site&db=e011xww&AN=668115
999 _c5851
_d5851